| 000 | 00774nam a2200229Ia 4500 | ||
|---|---|---|---|
| 003 | OSt | ||
| 005 | 20220926031247.0 | ||
| 006 | a|||||r|||| 00| 0 | ||
| 007 | ta | ||
| 008 | 220923b |||||||| |||| 00| 0 eng d | ||
| 037 | _cGeneral Book | ||
| 040 |
_aRTL _cRTL _beng |
||
| 041 |
_2eng _aeng |
||
| 082 | _aX9 (KZ332)n . 1 .N76 - N70, L7 .42 | ||
| 110 |
_aFOOD AND AGRICULTURE ORGAISATIO OF UITED NATIONS _9335353 |
||
| 245 | 0 | _aYearbook of Fisfery statistics | |
| 260 |
_aRome _bFood and Agriculture organisation of United Nations _c1977 |
||
| 300 |
_axxii , 323p _ccm. |
||
| 700 |
_aFOOD AND AGRICULTURE ORGAISATIO OF UITED NATIONS _9335354 |
||
| 942 |
_hX9 (KZ332)n . 1 .N76 - N70, L7 .42 _cGB _2CC |
||
| 999 |
_c651905 _d651905 |
||